Full 2025 NFL Draft - Statistics

General Stats
  • This quiz has been taken 930 times
  • The average score is 99 of 257
Answer Stats
Pick College Team Position Answer % Correct
1 Miami Titans QB Cam Ward
99%
2 Colorado Jaguars WR/CB Travis Hunter
98%
15 Auburn Rams RB Jarquez Hunter
96%
6 Boise State Raiders RB Ashton Jeanty
95%
3 Penn State Giants EDGE Abdul Carter
94%
17 Clemson Bengals LB Barrett Carter
91%
4 LSU Patriots OT Will Campbell
91%
10 Michigan Bears TE Colston Loveland
90%
31 Alabama Eagles LB Jihaad Campbell
90%
8 Arizona Panthers WR Tetairoa McMillan
89%
25 Ole Miss Giants QB Jaxson Dart
88%
5 Michigan Browns DT Mason Graham
88%
14 Penn State Colts TE Tyler Warren
87%
23 Texas Packers WR Matthew Golden
86%
19 Ohio State Buccaneers WR Emeka Egbuka
85%
22 North Carolina Chargers RB Omarion Hampton
84%
11 Georgia 49ers DL Mykel Williams
82%
5 Washington State Patriots WR Kyle Williams
81%
23 TCU Packers WR Savion Williams
81%
28 Ohio State Lions DT Tyleik Williams
81%
31 Texas Eagles OT Cameron Williams
80%
34 Cincinnati Packers OT John Williams
80%
21 California Chiefs CB Nohl Williams
80%
8 Louisville Saints QB Tyler Shough
79%
6 Coloroda Browns QB Shedeur Sanders
78%
27 Georgia Ravens S Malaki Starks
77%
4 Ohio State Browns RB Quinshon Judkins
77%
9 South Carolina Bills DT TJ Sanders
77%
7 Missouri Jets OL Armand Membou
76%
19 Iowa Steelers RB Kaleb Johnson
76%
19 Oregon Buccaneers WR Tez Johnson
76%
15 Michigan Cardinals CB Will Johnson
76%
17 Texas A&M Bengals DE Shemar Stewart
75%
26 Michigan Rams EDGE Josaiah Stewart
74%
7 Missouri Bears WR Luther Burden
74%
6 Ohio State Patriots RB TreVeyon Henderson
74%
26 Tennessee Falcons DE James Pearce
72%
9 Texas Saints OL Kelvin Banks
72%
12 Alabama Cowboys OL Tyler Booker
72%
15 Georgia Falcons DE Jalon Walker
71%
19 Central Arkansas Buccaneers EDGE David Walker
70%
7 Kentucky Bills DT Deone Walker
70%
18 North Dakota State Seahawks OT Grey Zabel
69%
30 Kentucky Bills CB Maxwell Hairston
69%
24 Ohio State Vikings OL Donovan Jackson
68%
20 Texas Broncos CB Jahdae Barron
68%
10 LSU Jets TE Mason Taylor
68%
2 Florida Panthers DT Cam Jackson
67%
14 Georgia Lions S Dan Jackson
67%
8 Arkansas Bills EDGE Landon Jackson
67%
16 Ole Miss Cardinals DT Walter Nolen
67%
23 Pittsburgh Chargers OT Branson Taylor
66%
13 Michigan Dolphins DT Kenneth Grant
66%
35 William & Mary Raiders OT Charles Grant
65%
30 Oregon Browns QB Dillon Gabriel
65%
2 Iowa State Texans WR Jayden Higgins
65%
32 Ohio State Chiefs OL Josh Simmons
64%
22 Aubrun Chargers WR KeAndre Lambert-Smith
64%
8 Georgia Jets WR Arian Smith
63%
12 SMU Chiefs RB Brashard Smith
63%
21 Oregon Steelers DT Derrick Harmon
63%
33 USC Texans CB Jaylin Smith
63%
14 Alabama Colts DT Tim Smith
63%
23 Ole Miss Chargers WR Tre Harris
62%
7 California Titans CB Marcus Harris
61%
1 UCLA Browns LB Carson Schwesinger
59%
28 Alabama Seahawks QB Jalen Milroe
59%
27 Marshall Ravens Edge Mike Green
59%
3 South Carolina Seahawks S Nick Emmanwori
59%
3 Arizona State Giants RB Cam Skattebo
58%
3 Bowling Green Browns TE Harold Fannin Jr.
57%
28 UCF Broncos RB RJ Harvey
57%
35 Texas Cardinals OG Hayden Conner
56%
29 Oregon Commanders OL Josh Conerly
56%
15 Iowa State Texans WR Jaylin Noel
51%
9 Ohio State Steelers QB Will Howard
51%
18 Miami Seahawks TE Elijah Arroyo
50%
14 Oregon Rams TE Terrance Ferguson
50%
15 Texas Dolphins QB Quinn Ewers
49%
27 LSU Ravens OT Emery Jones Jr.
48%
6 Arkansas Lions WR Isaac TeSlaa
48%
21 Ohio State Steelers EDGE Jack Sawyer
48%
24 Tennessee Browns RB Dylan Sampson
47%
26 TCU Raiders TCU Jack Bech
47%
37 LSU Broncos DE Sai'vion Jones
47%
21 Notre Dame Buccaneers CB Benjamin Morrison
46%
13 Notre Dame Colts QB Ryley Leonard
45%
32 Notre Dame Falcons S Xavier Watts
45%
12 Boston College Cowboys EDGE Donovan Ezeiruaku
44%
12 Georgia Panthers RB Trevor Etienne
44%
12 Texas Cowboys RB Jaydon Blue
43%
10 Illinois Broncos WR Pat Bryant
42%
32 Texas Eagles S Andrew Mukuba
41%
2 Virginia Tech Jaguars RB Bhayshul Tuten
41%
31 Georgia Patriots C Jared Wilson
41%
5 Syracuse Eagles QB Kyle McCord
41%
4 Missouri Patriots OT Marcus Bryant
41%
3 Oklahoma State Dolphins RB Ollie Gordon
41%
25 Georgia Lions OG Tate Ratledge
41%
34 Stanford Titans WR Elic Ayomanor
40%
12 East Carolina Cowboys CB Shavon Revel Jr.
40%
29 Ole Miss Commanders CB Trey Amos
40%
9 Florida St. Jets CB Azareye'h Thomas
39%
17 South Carolina Bengals LB Demetrius Knight Jr.
39%
9 Oregon 49ers RB Jordan James
39%
16 Florida Cowboys LB Shemar James
39%
30 Colorado State Seahawks WR Tory Horton
39%
18 Texas Titans TE Gunner Helm
38%
5 Arizona Dolphins OG Jonah Savaiinaea
38%
14 USC Texans RB Woody Marks
38%
1 Florida Titans WR Chimere Dike
37%
1 Toledo Giants DT Darius Alexander
37%
32 Colorado Panthers WR Jimmy Horn Jr.
37%
31 Utah State Chiefs WR Jalen Royals
36%
13 Ohio State Colts EDGE JT Tuimoloau
36%
16 Minnesota Texans OT Aireontae Ersery
35%
11 Texas 49ers DT Alfred Collins
35%
11 Oklahoma State 49ers LB Nick Martin
35%
22 UNLV Seahawks WR Ricky White
35%
8 Kansas Saints RB Devin Neal
34%
6 Tennessee Raiders WR Dont'e Thornton Jr.
34%
11 Indiana 49ers QB Kurtis Rourke
34%
38 Maryland Vikings WR Tai Felton
34%
10 Arizona Ravens PK Tyler Loop
33%
21 Florida Texans QB Graham Mertz
32%
17 Rutgers Bears RB Kyle Monangai
32%
21 Tulane Packers CB Micah Robinson
32%
32 Alabama Broncos EDGE Que Robinson
32%
9 Nebraska Eagles DT Ty Robinson
32%
31 Tennessee Chiefs DT Omarr Norman-Lott
31%
24 Boston College Bears OT Ozzy Trapilo
31%
13 Ole Miss Panthers EDGE Princely Umanmielen
31%
11 Indiana 49ers DT CJ West
30%
4 Iowa State Raiders CB Darien Porter
30%
14 Kansas State Colts RB DJ Giddens
30%
30 Texas A&M Bears DT Shemar Turner
30%
17 Texas Tech Bengals RB Tahj Brooks
30%
39 North Dakota State Raiders QB Cam Miller
29%
18 Penn State Titans S Kevin Winston Jr.
29%
28 Alabama Jets S Malachi Moore
29%
19 Texas A&M Panthers Edge Nicscourton
29%
7 Miami Seahawks RB Damien Martinez
28%
22 North Carolina State Packers OT Anthony Belton
27%
2 Louisville Chiefs EDGE Ashton Gillotte
27%
26 Virginia Tech Commanders WR Jaylin Lane
27%
20 Ohio State Panthers S Lathan Ransom
27%
20 UCLA Titans Edge Oluwafemi Oladejo
27%
29 Syracuse Chargers TE Oronde Gadsden
27%
24 Navy Jaguars S Rayuan Lane
27%
25 West Virginia Jaguars OG Wyatt Milum
27%
30 Oklahoma State Giants CB Korie Black
26%
28 Iowa Steelers DT Yahya Black
26%
16 Oklahoma Falcons S Billy Bowman Jr.
25%
27 Colorado Ravens WR LaJohntay Wester
25%
18 Purdue Giants OG Marcus Mbow
25%
6 Miami Patriots PK Andres Borregales
24%
10 Oklahoma Saints LB Danny Stutsman
24%
20 Kansas State Buccaneers CB Jacob Parrish
24%
29 Virginia Saints S Jonas Sanker
24%
36 Western Kentucky 49ers CB Upton Stout
24%
38 Ohio State Cardinals CB Denzel Burke
23%
37 Georgia Tech Bills TE Jackson Hawes
23%
29 Arizona Commanders RB Jacory Croskey-Merritt
23%
12 Michigan Titans RB Kalel Mullings
23%
20 Syracuse Jaguars RB LeQuint Allen
23%
27 Notre Dame Panthers TE Mitchell Evans
23%
13 Ohio State Cardinals LB Cody Simon
22%
17 Titians Bengals OG Dylan Fairchild
22%
5 Notre Dame Jaguars LB Jack Kiser
22%
14 Oregon Cardinals EDGE Jordan Burch
22%
22 Texas Packers EDGE Barryn Sorrell
21%
4 California Patriots S Craig Woodson
21%
41 Memphis Patriots CB Kobee Minor
21%
23 Clemson Cowboys RB Phil Mafah
21%
25 Iowa State Colts OT Jalen Travis
20%
35 Florida State Patriots DT Joshua Farmer
20%
23 South Carolina Chargers EDGE Kyle Kennard
20%
29 Louisville Saints CB Quincy Riley
20%
8 LSU Patriots EDGE Bradyn Swinson
19%
36 Ole Miss Rams LB Chris Paul Jr.
19%
5 Maryland Dolphins DT Jordan Phillips
19%
35 LSU Lions OG Miles Frazier
19%
4 Notre Dame Seahawks DT Rylie Mills
19%
33 UTSA Bears CB Zah Frazier
19%
11 Penn State Texans S Jaylen Reed
18%
20 Oregon Chiefs LB Jeffrey Bassa
18%
25 Penn State Vikings LB Kobe King
18%
27 California Ravens LB Teddye Buchanan
18%
10 Ohio State Rams DT Ty Hamilton
18%
7 Texas Saints DT Vernon Broughton
18%
34 Texas Tech Raiders OT Caleb Rogers
17%
36 Ole Miss 49ers WR Jordan Watkins
17%
8 Rutgers Texans DT Kyonte Hamilton
17%
1 Virginia Tech Bills CB Dorian Strong
16%
26 Pittsburgh Vikings TE Gavin Bartholomew
16%
22 Oregon Chargers DT Jamaree Caldwell
16%
13 Florida Dolphins CB Jason Marshall Jr.
16%
16 Minnesota Colts CB Justin Walley
16%
25 Georgia Eagles LB Smael Mondon Jr.
16%
33 South Carolina Raiders DT Tonka Hemingway
16%
40 Miami Jets EDGE Tyler Baron
16%
24 Tulane Jaguars CB Caleb Ransaw
15%
21 SMU Buccaneers EDGE Elijah Roberts
15%
17 Miami Bengals OG Jalen Rivers
15%
40 Florida Broncos P Jeremy Crawshaw
15%
5 USC Jaguars C Jonah Monheim
15%
34 Ohio State Bills CB Jordan Hancock
15%
39 Iowa Texans TE Luke Lachey
15%
7 UCF Eagles CB Mac McWilliams
15%
30 Maryland Bears LB Ruben Hyppolite
15%
3 Nebraska Giants TE Thomas Fidone
15%
20 Boise State Lions EDGE Ahmed Hassanein
14%
28 Georgia Lions WR Dominic Lovett
14%
31 Sacremento State Titans OG Jackson Slater
14%
37 Montana State Raiders WR Tommy Mellott
14%
28 Oregon Cowbots OT Ajani Cornelius
13%
3 Alabama A&M Ravens OT Carson Vinson
13%
19 Maryland Dolphins S Dante Trader Jr.
13%
38 Clemson Chargers S R.J. Mickens
13%
39 Alabama Seahawks TE Robbie Ouzts
13%
1 Georgia Vikings EDGE Tyrion Ingram-Dawkins
13%
33 Virginia Tech Eagles EDGE Antwaun Powell-Ryland
12%
2 Western Michigan Ravens CB Bilhal Kone
12%
30 UConn Bills OT Chase Lundt
12%
33 Iowa 49ers OG Connor Colby
12%
26 Miami Jets LB Francisco Mauigoa
12%
4 Ole Miss Raiders DT JJ Pegues
12%
24 Maryland Bills WR Kaden Prather
12%
26 Pittsburgh Rams WR Konata Mumpfield
12%
36 Rutgers Ravens CB Robert Longerbeam
12%
34 Virginia Tech Ravens DT Aeneas Peebles
11%
38 Syracuse Saints EDGE Fadil Diggs
11%
2 Wisconsin Falcons OT Jack Nelson
11%
32 Boston College Eagles C Drew Kendall
10%
27 LSU Ravens OG Garrett Dellinger
10%
16 Wisconsin Colts S Hunter Wohler
10%
9 Nevada Cardinals S Kitan Crawford
10%
1 UCLA Cowboys DT Jay Toia
9%
19 Michigan State Bears OT Luke Newman
9%
24 Kansas State 49ers S Marques Sigle
9%
37 Georgia Tech Dolphins DT Zeek Biggers
9%
25 Utah Broncos TE Caleb Lohner
8%
10 Washington Steelers LB Carson Bruener
8%
6 Minnesota Raiders LB Cody Lindenberg
8%
35 Vanderbuilt Patriots LS Julian Ashby
8%
36 Montana 49ers WR Junoir Bergen
8%
22 Georgia Packers DT Warren Brinson
8%
16 Kansas Seahawks OT Bryce Cabeldue
7%
29 UCLA Commanders LB Kain Medrano
7%
32 UCLA Saints TE Moliki Matavao
7%
15 Michigan Eagles OT Myles Hinton
7%
40 Florida Chargers S Trikweze Bridges
7%
13 Central Michigan Steelers CB Donte Kent
6%
18 Auburn Jaguars LB Jalen McLeod
6%
18 Iowa Seahawks OT Mason Richman
6%
23 Oklahoma State Packers LB Collin Olvier
5%
31 Maryland Cowboys DT Tommy Akingbesote
5%
No matching quizzes found
Score Distribution
Percent of People with Each Score
Percentile by Number Answered
Your Score History
You have not taken this quiz